| 000 | 00464nam a22001337a 4500 | ||
|---|---|---|---|
| 040 | _cNUST | ||
| 082 | _a220 PRO | ||
| 100 |
_aPC Muhammad Qasim Khan ASC Syed Faizan Ali Haider PC Ammar Omar Khan GC Syed Muhammad Khurram Wasti _9103664 |
||
| 110 | _aProject Supervisor Dr. Fahad Mumtaz Malik | ||
| 245 | _aPR-SOF-2194-Autonomous Unmanned Ground Vehicle | ||
| 260 |
_aIslamabad: _bNUST College of EME, _c2022. |
||
| 650 |
_aDE-ELECT-40 _9103514 |
||
| 942 |
_2ddc _cPR |
||
| 999 |
_c592499 _d592499 |
||